000 00880nam a2200277 a 4500
001 70590
003 BD-RjUL
005 20211209082023.0
008 170418s1961 njua b 001 0 eng
035 _a(BD-RjUL)70804
040 _aDLC/ICU
_cCGU
_dMYG
_dBD-RjUL
_beng
041 _aeng
082 _223
_a531
_bLOM 1961
090 _aQA931
_b.L849
099 _aQA931.L849
100 1 _aLong, Robert R.
_9208943
245 1 0 _aMechanics of solids and fluids /
_cRobert R Long
260 _aEnglewood Cliffs, N.J. :
_bPrentice-Hall,
_c1961.
300 _a156 p. :
_bill. ;
_c24 cm.
490 1 _aPrentice-Hall series in engineering of the physical sciences
504 _aIncludes bibliography.
650 0 _aElastic solids.
_9208944
650 0 _aFluid mechanics.
_9208945
830 0 _aPrentice-Hall series in engineering of the physical sciences.
_9208949
942 _2ddc
_cBK
999 _c70590
_d70590